208 Cities In The U.S. >100,000 but < 200,000 (2023) - Statistics

General Stats
  • This quiz has been taken 67 times
    35 since last reset
  • The average score is 144 of 208
Answer Stats
Hint Answer % Correct
132,122 Fargo
100%
177,556 Fort Collins
100%
108,397 Green Bay
100%
181,805 Salem
100%
151,227 Savannah
100%
126,320 Topeka
100%
121,001 Billings
92%
159,269 Charleston
92%
102,336 Davenport
92%
182,795 Eugene
92%
147,758 Jackson
92%
178,580 Lancaster
92%
115,516 Las Cruces
92%
153,026 Macon
92%
184,620 Mobile
92%
199,055 Montgomery
92%
113,460 Pueblo
92%
129,135 Vallejo
92%
130,873 Athens
83%
175,334 Aurora
83%
114,208 Beaumont
83%
105,940 Bend
83%
111,508 Boulder
83%
117,947 Broken Arrow
83%
141,124 Cedar Rapids
83%
128,506 College Station
83%
106,202 | 131,579 | 138,840 Columbia
83%
117,259 Evansville
83%
113,568 Greeley
83%
116,842 Gresham
83%
119,938 Hartford
83%
149,842 Kent
83%
160,646 Killeen
83%
194,301 Knoxville
83%
121,599 Lafayette
83%
117,468 Manchester
83%
145,909 McAllen
83%
138,938 Midland
83%
105,792 Nampa
83%
135,295 New Haven
83%
178,667 Ontario
83%
115,963 Provo
83%
177,207 Rancho Cucamonga
83%
125,784 Rochester
83%
167,472 Salinas
83%
184,077 Shreveport
83%
104,137 South Bend
83%
106,942 Spokane Valley
83%
186,294 Tempe
83%
199,651 Vancouver
83%
140,986 Warren
83%
122,655 West Palm Beach
83%
143,455 West Valley City
83%
101,644 Wichita Falls
83%
118,145 Wilmington
83%
127,618 Abilene
75%
187,877 Akron
75%
165,317 Alexandria
75%
110,741 Allen
75%
128,188 Allentown
75%
126,827 Ann Arbor
75%
119,167 Antioch
75%
160,701 Bellevue
75%
149,980 Bridgeport
75%
186,568 Cary
75%
110,830 Centennial
75%
185,125 Chattanooga
75%
120,175 Clearwater
75%
113,091 | 126,412 Concord
75%
106,035 Daly City
75%
136,480 Dayton
75%
140,997 Elizabeth
75%
183,057 Elk Grove
75%
153,177 Escondido
75%
146,104 Gainesville
75%
197,989 Glendale
75%
156,757 Hollywood
75%
100,217 Kenosha
75%
112,149 Lansing
75%
130,397 Meridian
75%
112,981 Miami Gardens
75%
138,525 Miramar
75%
187,906 Newport News
75%
133,156 Norman
75%
120,066 North Charleston
75%
118,775 Odessa
75%
124,731 Palm Bay
75%
174,460 Palmdale
75%
163,791 Paterson
75%
136,202 Pearland
75%
120,730 Richmond
75%
147,389 Rockford
75%
112,752 Santa Maria
75%
113,899 Sparks
75%
156,790 | 172,080 Springfield
75%
150,837 Surprise
75%
149,665 Syracuse
75%
102,339 Tuscaloosa
75%
140,483 Victorville
75%
146,466 Visalia
75%
142,590 Waco
75%
120,936 West Jordan
75%
119,377 Westminster
75%
129,793 Arvada
67%
127,843 Berkeley
67%
197,283 Birmingham
67%
108,537 Burbank
67%
137,736 Carrollton
67%
106,062 Chico
67%
176,859 Clarksville
67%
158,564 Corona
67%
113,522 Dearborn
67%
147,816 Denton
67%
116,780 Elgin
67%
108,244 El Monte
67%
112,912 Everett
67%
124,249 Fairfield
67%
104,546 Federal Way
67%
172,270 Garden Grove
67%
168,585 Hayward
67%
116,966 High Point
67%
110,899 Hillsboro
67%
107,189 Inglewood
67%
151,241 Joliet
67%
117,207 Lakeland
67%
159,884 Lakewood
67%
123,641 League City
67%
153,192 Mesquite
67%
165,972 Murfreesboro
67%
140,961 Orange
67%
139,173 Pasadena
67%
176,107 Pembroke Pines
67%
115,706 Pompano Beach
67%
194,801 Providence
67%
105,484 Rialto
67%
109,002 Rio Rancho
67%
139,319 Stamford
67%
148,797 Thornton
67%
127,050 Thousand Oaks
67%
147,556 Torrance
67%
108,725 Tyler
67%
105,374 Vacaville
67%
190,254 Brownsville
58%
122,375 Cambridge
58%
127,471 Clovis
58%
138,384 Coral Springs
58%
112,506 Costa Mesa
58%
115,129 Downey
58%
100,060 Fayetteville
58%
187,932 Ft. Lauderdale
58%
146,155 Fullerton
58%
104,300 Goodyear
58%
159,853 Kansas City
58%
104,030 Lee's Summit
58%
118,226 Lowell
58%
151,847 Naperville
58%
102,882 New Bedford
58%
145,916 Olathe
58%
112,592 Peoria
58%
101,910 Quincy
58%
111,543 Renton
58%
125,544 Richardson
58%
100,905 Roanoke
58%
156,467 Roseville
58%
125,342 Round Rock
58%
108,196 San Mateo
58%
181,220 Santa Rosa
58%
126,992 Simi Valley
58%
102,074 St. George
58%
160,521 Sunnyvale
58%
112,976 Temecula
58%
112,062 Ventura
58%
115,615 Waterbury
58%
110,521 West Covina
58%
101,331 Boca Raton
50%
109,192 Brockton
50%
117,572 Carlsbad
50%
105,928 Carmel
50%
108,237 El Cajon
50%
137,016 Hampton
50%
124,865 Independence
50%
102,671 Longmont
50%
101,557 Lynn
50%
100,201 New Braunfels
50%
101,939 Norwalk
50%
176,162 Oceanside
50%
101,069 Orem
50%
152,511 Pomona
50%
101,900 San Angelo
50%
112,349 Sandy Springs
50%
131,001 Santa Clara
50%
135,741 Sterling Heights
50%
101,205 Sunrise
50%
109,801 Davie
42%
102,710 Hesperia
42%
116,781 Lewisville
33%
113,193 Murietta
33%
120,613 The Woodlands
33%
100,081 Conroe
25%
105,192 Kirkland
25%
145,016 Metairie
25%
105,463 Highlands Ranch
17%
117,968 Brandon
8%
105,465 San Tan Valley
8%
No matching quizzes found
Score Distribution
Percent of People with Each Score
Percentile by Number Answered
Your Score History
You have not taken this quiz since the last reset